000 00618nam a2200241Ia 4500
003 OSt
005 20221005090400.0
006 a|||||r|||| 00| 0
007 ta
008 221004b |||||||| |||| 00| 0 eng d
024 _a54809
037 _cTextual
040 _aCRL
_cCRL
_beng
041 _2eng
_aeng
082 _aT.73, M2
100 _aAdler Mortimer J
245 0 _aPaideia proposel
_b An educational manifesto
260 _aNew York
_bMacmillan
_c1982
300 _a84p.
_ccm.
650 _aEDUCATION
942 _hT.73, M2
_cTEXL
_2cc
999 _c995723
_d995723